District collector in India: a study in role-analysis (Record no. 442370)

000 -LEADER
fixed length control field 00474cam a22001577a 4500
008 - FIXED-LENGTH DATA ELEMENTS--GENERAL INFORMATION
fixed length control field 180718b2011 xxu||||| |||| 00| 0 eng d
020 ## - INTERNATIONAL STANDARD BOOK NUMBER
International Standard Book Number 9788184572810
082 ## - DEWEY DECIMAL CLASSIFICATION NUMBER
Classification number B67x54 Sh23d
245 ## - TITLE STATEMENT
Title District collector in India: a study in role-analysis
Statement of responsibility, etc. edited by R. D. Sharma
260 ## - PUBLICATION, DISTRIBUTION, ETC.
Place of publication, distribution, etc. New Delhi
Name of publisher, distributor, etc. Kanishka
Date of publication, distribution, etc. 2011
300 ## - PHYSICAL DESCRIPTION
Extent 198p.
650 ## - SUBJECT ADDED ENTRY--TOPICAL TERM
Topical term or geographic name entry element Civil service --India
650 ## - SUBJECT ADDED ENTRY--TOPICAL TERM
Topical term or geographic name entry element Local government --India
650 ## - SUBJECT ADDED ENTRY--TOPICAL TERM
Topical term or geographic name entry element Tax collection --India
700 ## - ADDED ENTRY--PERSONAL NAME
Personal name Sharma, R. D.
Holdings
Withdrawn status Lost status Damaged status Not for loan Permanent Location Current Location Date acquired Full call number Barcode Date last seen Price effective from Koha item type
        Indian Institute of Public Administration Indian Institute of Public Administration 2012-01-13 B67x54 Sh23d 84513 2018-07-21 2018-07-21 Book

Powered by Koha